Famous People Born on Christmas Day - Statistics

General Stats
  • This quiz has been taken 52 times
  • The average score is 5 of 10
Answer Stats
Hint Answer % Correct
Canadian Prime Minister since 2015 Justin Trudeau
98%
Lead Singer of Eurythmics Annie Lennox
83%
Played Rick Blaine in Cassablanca Humphrey Bogart
76%
President of Egypt from 1970 to 1981 Anwar Sadat
61%
She won an Academy Award for her starring role in the 1980 film Coal Miner's Daughter Sissy Spacek
57%
British Singer whom Eminem samples in 2000 on “Stan” Dido
52%
Known for his 1977 song Margaritaville Jimmy Buffett
43%
Civil War volunteer nurse who founded the American Red Cross Clara Barton
35%
American Screenwriter known for his anthology tv series “The Twilight Zone” Rod Serling
28%
She was crowned Miss Denmark 1986 Helena Christensen
11%
No matching quizzes found
Score Distribution
Percent of People with Each Score
Percentile by Number Answered
Your Score History
You have not taken this quiz